000 00489nam a2200181Ia 4500
008 230524s9999 xx 000 0 und d
020 _a9789382332657
082 _bVEN
100 _aG.Venktappa Rao
_942914
245 0 _aHighway Material Testing and Quality Control
250 _a1
260 _aNew Delhi
_bI.K.International
_c2015
300 _a311p;
500 _aQuantity Number: 1
650 _aCivil
700 _a"K.Ramachandra Rao, Kusik Pahari, etl"
_942915
942 _cBK
999 _c57882
_d57882